000 00587nam a2200229Ia 4500
003 OSt
005 20221005124926.0
006 a|||||r|||| 00| 0
007 ta
008 221004b |||||||| |||| 00| 0 mal d
024 _a56083
037 _cTextual
040 _aCRL
_cCRL
_bmal
041 _2mal
_amal
082 _aO32,3:g, K5
100 _aBalakrishnan P.K.
_9187532
245 0 _aNovel sidhiyum sadhanayum
260 _c1965
650 _aMALAYALAM LITERATURE
_938866
942 _hO32,3:g, K5
_cTEXL
_2cc
999 _c1052163
_d1052163